| 000 | 00849nam a22002777a 4500 | ||
|---|---|---|---|
| 003 | CHAP | ||
| 005 | 20220329140535.0 | ||
| 008 | 971013s r 10010 d | ||
| 010 | _a53590 | ||
| 011 | _a54562 | ||
| 035 | _a58713 | ||
| 040 | _cCHAP | ||
| 082 |
_a634.96 _bW4 |
||
| 111 | 0 | 0 |
_aWestern International Forest Disease Work Conference. ( _n11 _d: 1963 _c: Jackson, Wyoming) _9121554 |
| 245 | _aProceedings | ||
| 250 | _a(s.l. : s.e.) | ||
| 260 |
_a(s.a.), _c103 p. |
||
| 590 |
_aBATCH-UPD _b10 _c20130110 _lUCH01 _h2103 |
||
| 590 |
_aBATCH-UPD _b10 _c20130410 _lUCH01 _h1415 |
||
| 590 |
_aBATCH-UPD _b10 _c20130914 _lUCH01 _h1848 |
||
| 590 |
_aCONVERSION _b10 _c20130109 _lUCH01 _h1329 |
||
| 650 | 1 | 4 |
_aÁrboles _xEnfermedades. _982436 |
| 901 | _aBK | ||
| 942 | _cLIBRO | ||
| 949 |
_a634.96 W4 _bBC _cLIBRO _d33724000237582 _eLIBRO _h23836 _i58713 _si |
||
| 999 |
_c53590 _d53590 |
||